| 000 | 00556cam a22001694a 4500 | ||
|---|---|---|---|
| 020 | _a0646437038 | ||
| 040 | _cNIC | ||
| 082 | _a615 BEN 2004 C143 Or. | ||
| 100 | 1 | _aKham, Lavit. | |
| 245 | 1 | 0 |
_aMedicinal plants of Cambodia : _bhabitat, chemical constituents and ethnobotanical uses / |
| 260 |
_aGolden Square, Australia : _bBendigo Scientific Press, _cc2004. |
||
| 300 |
_aliii, 631 p. : _bill. (some col.), col. map ; _c26 cm. |
||
| 500 | _aMap on lining paper. | ||
| 650 | 0 | _aMateria medica, Vegetable | |
| 650 | 0 | _aMedicinal plants | |
| 942 | _cAEDBB | ||
| 999 |
_c18380 _d18380 |
||